[Event "WYCC U14 Open 2019"]
[Site "Mumbai"]
[Date "2019.10.06"]
[Round "6.16"]
[White "Ayush Sharma"]
[Black "Bochnicka, Vladimir"]
[Result "1-0"]
[WhiteElo "1939"]
[BlackElo "2087"]
[Annotator "NA"]
[PlyCount "83"]
[EventDate "2019.10.02"]
[EventType "swiss"]
[EventCountry "IND"]
[SourceTitle "playchess.com"]
[Source "ChessBase"]
[SourceQuality "1"]
[TimeControl "40/5400+30:1800+30"]

1. e4 {[%emt 0:00:20]} e5 {[%emt 0:00:00]} 2. Nf3 {[%emt 0:00:17]} d6 {[%emt 0:00:00]} 3. d4 {[%emt 0:00:13]} exd4 {[%emt 0:00:00]} 4. Nxd4 {[%emt 0:00:06]} Nf6 {[%emt 0:00:04]} 5. Nc3 {[%emt 0:00:08]} Be7 {[%emt 0:00:09]} 6. Bc4 {[%emt 0:01:14]} O-O {[%emt 0:00:19]} 7. O-O {[%emt 0:00:31]} Re8 {[%emt 0:00:36]} 8. Re1 {[%emt 0:11:23]} c6 {[%emt 0:01:28]} 9. Bg5 {[%emt 0:06:18]} h6 {[%emt 0:11:31]} 10. Bh4 {[%emt 0:04:57]} Qc7 {[%emt 0:11:46]} 11. a4 {[%emt 0:20:44]} a5 {[%emt 0:02:05]} 12. f4 {[%emt 0:03:37]} d5 {[%emt 0:24:45]} 13. exd5 {[%emt 0:01:29]} Rd8 {[%emt 0:01:15]} 14. Bb3 {[%emt 0:24:38]} cxd5 {[%emt 0:19:57]} 15. Bxf6 {[%emt 0:05:34]} Bxf6 {[%emt 0:00:30]} 16. Nxd5 $18 {[%emt 0:00:04]} Rxd5 {[%emt 0:12:20]} 17. Bxd5 {[%emt 0:00:28]} Qc5 {[%emt 0:00:13]} 18. Re8+ {[%emt 0:00:21]} Kh7 {[%emt 0:00:05]} 19. Be4+ {[%emt 0:01:52]} g6 {[%emt 0:00:07]} 20. c3 {[%emt 0:00:05]} Bd7 {[%emt 0:01:46]} 21. Bxb7 {[%emt 0:02:17]} Ra7 {[%emt 0:00:48]} 22. Rxb8 {[%emt 0:00:10]} Qc7 {[%emt 0:02:00]} 23. Rf8 {[%emt 0:00:27]} Kg7 {[%emt 0:00:37]} 24. Rxf7+ {[%emt 0:01:14]} Kxf7 {[%emt 0:00:06]} 25. Bd5+ {[%emt 0:00:05]} Kg7 {[%emt 0:00:19]} 26. Qd2 {[%emt 0:01:04]} Ra6 {[%emt 0:01:33]} 27. Kh1 {[%emt 0:01:27]} Rd6 {[%emt 0:00:19]} 28. Nb5 {[%emt 0:00:24]} Bxb5 {[%emt 0:00:25]} 29. axb5 {[%emt 0:00:03]} Qc4 {[%emt 0:03:45]} 30. Bxc4 {[%emt 0:00:18]} Rxd2 {[%emt 0:00:02]} 31. Rb1 {[%emt 0:02:04]} a4 {[%emt 0:02:51]} 32. g3 {[%emt 0:02:09]} Kf8 {[%emt 0:00:31]} 33. Bf1 {[%emt 0:00:55]} Ke7 {[%emt 0:01:02]} 34. Bg2 {[%emt 0:00:12]} Kd8 {[%emt 0:01:25]} 35. b6 {[%emt 0:00:28]} Rd6 {[%emt 0:00:48]} 36. b7 {[%emt 0:00:05]} Rb6 {[%emt 0:00:16]} 37. h3 {[%emt 0:00:21]} Kc7 {[%emt 0:01:16]} 38. Ra1 {[%emt 0:00:07]} Rxb2 {[%emt 0:00:16]} 39. Rxa4 {[%emt 0:00:07]} g5 {[%emt 0:00:56]} 40. Rc4+ {[%emt 0:00:18]} Kb8 {[%emt 0:00:12]} 41. Rc8+ {[%emt 0:30:04]} Ka7 {[%emt 0:30:02]} 42. Ra8+ {[%emt 0:00:12]} 1-0

[Event "WYCC U14 Open 2019"]
[Site "Mumbai"]
[Date "2019.10.07"]
[Round "7.1"]
[White "Suleymanli, Aydin"]
[Black "Sreeshwan Maralakshikari"]
[Result "1/2-1/2"]
[WhiteElo "2426"]
[BlackElo "2449"]
[Annotator "TA"]
[PlyCount "60"]
[EventDate "2019.10.02"]
[EventType "swiss"]
[EventCountry "IND"]
[SourceTitle "playchess.com"]
[Source "ChessBase"]
[SourceQuality "1"]

{[%evp 13,60,7,29,12,27,24,31,0,4,10,11,12,22,0,32,9,0,0,0,-12,0,-13,-12,-12,-12,-20,-14,-16,-8,-9,-5,-13,0,-22,-21,-24,-7,-14,-11,-18,0,0,0,-38,-28,-28,-28,-35,-28]} 1. d4 d5 2. c4 c6 3. Nf3 Nf6 4. g3 Bg4 5. Bg2 Nbd7 6. O-O e6 7. cxd5 cxd5 8. Bf4 {A11: English Opening: 1...c6} Nh5 $146 ({Predecessor:} 8... Be7 9. Nc3 O-O 10. Rc1 Rc8 11. h3 Bh5 12. Qb3 Qb6 13. Qxb6 Nxb6 14. Nb5 a6 15. Nd6 Bxd6 16. Bxd6 Rxc1 17. Rxc1 {½-½ (66) Iskandarov,M (2382)-Kuzubov,Y (2650) Cesme 2015}) 9. Be3 Bd6 10. h3 {White is slightly better.} Bxf3 11. Bxf3 Nhf6 12. Nc3 a6 13. Rc1 b5 {[%cal Bb7b5,Bb5b4][%mdl 32]} 14. a4 b4 15. Nb1 O-O 16. Rc6 Qb8 17. Bg2 Rc8 18. Rxc8+ Qxc8 19. Qd3 Qc6 20. b3 Rc8 21. Rc1 Qb7 22. Qd1 Rc7 23. Qd3 Rc6 24. Qd1 Kf8 25. Rxc6 Qxc6 26. Bc1 Ne4 27. Bxe4 dxe4 28. e3 Nb6 29. Bb2 Nd5 30. Nd2 f5 {Accuracy: White = 43%, Black = 43%.} 1/2-1/2

[Event "WYCC U14 Open 2019"]
[Site "Mumbai"]
[Date "2019.10.07"]
[Round "7.2"]
[White "Pranav Anand"]
[Black "Srihari L R"]
[Result "0-1"]
[WhiteElo "2351"]
[BlackElo "2283"]
[Annotator "ChessBase"]
[PlyCount "80"]
[EventDate "2019.10.02"]
[EventType "swiss"]
[EventCountry "IND"]
[SourceTitle "playchess.com"]
[Source "ChessBase"]
[SourceQuality "1"]
[TimeControl "40/5400+30:1800+30"]

1. d4 {[%emt 0:00:00]} d5 {[%emt 0:00:00]} 2. c4 {[%emt 0:00:00]} e5 {[%emt 0:00:10]} 3. dxe5 {[%emt 0:00:00]} d4 {[%emt 0:00:05]} 4. Nf3 {[%emt 0:00:00]} Nc6 {[%emt 0:00:06]} 5. a3 {[%emt 0:00:03]} Nge7 {[%emt 0:00:20]} 6. Nbd2 {[%emt 0:01:39]} Be6 {[%emt 0:15:42]} 7. Nb3 {[%emt 0:12:15]} Nf5 {[%emt 0:01:21]} 8. Qd3 {[%emt 0:17:57]} a5 {[%emt 0:05:38]} 9. g4 {[%emt 0:12:44]} Nh4 {[%emt 0:01:24]} 10. Nfxd4 {[%emt 0:00:27]} a4 {[%emt 0:25:27]} 11. Nxe6 {[%emt 0:04:23]} fxe6 {[%emt 0:00:27]} 12. Qxd8+ {[%emt 0:21:36]} Rxd8 {[%emt 0:00:02]} 13. Bg5 Be7 {[%emt 0:00:03]} 14. Bxe7 {[%emt 0:01:15]} Kxe7 {[%emt 0:00:01]} 15. Nd2 {[%emt 0:00:14]} Nxe5 {[%emt 0:07:35]} 16. h3 {[%emt 0:00:54]} Rhf8 {[%emt 0:01:08]} 17. Rd1 {[%emt 0:10:00]} Rd4 {[%emt 0:04:00]} 18. Rg1 {[%emt 0:08:55]} Rfd8 {[%emt 0:02:26]} 19. Rg3 {[%emt 0:00:24]} Nxc4 {[%emt 0:00:52]} 20. Rd3 {[%emt 0:00:26]} Rxd3 {[%emt 0:00:21]} 21. exd3 {[%emt 0:00:05]} Nxb2 {[%emt 0:01:01]} 22. Rc1 {[%emt 0:01:04]} Nxd3+ {[%emt 0:00:41]} 23. Bxd3 {[%emt 0:00:07]} Rxd3 {[%emt 0:00:18]} 24. Rxc7+ {[%emt 0:00:10]} Kf6 {[%emt 0:09:42]} 25. Rxb7 {[%emt 0:06:14]} Rxa3 {[%emt 0:01:37]} 26. Ne4+ {[%emt 0:01:27]} Ke5 {[%emt 0:00:51]} 27. Ng3 {[%emt 0:00:38]} Nf3+ {[%emt 0:02:05]} 28. Kf1 {[%emt 0:00:20]} Ra1+ {[%emt 0:00:46]} 29. Ke2 {[%emt 0:00:27]} Nd4+ {[%emt 0:00:34]} 30. Kd3 {[%emt 0:00:21]} a3 {[%emt 0:01:58]} 31. Ra7 {[%emt 0:00:41]} a2 {[%emt 0:02:20]} 32. Ra5+ {[%emt 0:00:06]} Kf4 {[%emt 0:02:13]} 33. Ne2+ {[%emt 0:01:03]} Nxe2 {[%emt 0:00:13]} 34. Kxe2 {[%emt 0:00:06]} e5 {[%emt 0:00:35]} 35. Ra7 {[%emt 0:00:51]} g6 {[%emt 0:00:32]} 36. Rf7+ {[%emt 0:00:20]} Kg5 {[%emt 0:00:21]} 37. Ra7 {[%emt 0:00:28]} e4 {[%emt 0:00:10]} 38. Ra4 {[%emt 0:00:34]} h6 {[%emt 0:00:47]} 39. Ra5+ {[%emt 0:00:13]} Kh4 {[%emt 0:00:22]} 40. Ra3 {[%emt 0:00:09]} e3 {[%emt 0:00:11]} 0-1

[Event "WYCC U14 Open 2019"]
[Site "Mumbai"]
[Date "2019.10.07"]
[Round "7.3"]
[White "Abinandhan R"]
[Black "Tsvetkov, Andrey"]
[Result "1-0"]
[WhiteElo "1830"]
[BlackElo "2382"]
[Annotator "TA"]
[PlyCount "121"]
[EventDate "2019.10.02"]
[EventType "swiss"]
[EventCountry "IND"]
[SourceTitle "playchess.com"]
[Source "ChessBase"]
[SourceQuality "1"]

{[%evp 18,121,-18,-20,-7,-46,-25,-43,-21,-43,-41,-39,0,0,0,0,0,-3,6,-1,0,-16,0,0,0,-7,-22,-11,-30,-24,82,72,190,183,185,194,185,198,200,182,192,189,194,219,206,198,207,207,203,211,204,202,182,177,172,158,201,183,345,345,345,321,589,595,509,560,669,638,545,533,616,674,659,638,627,599,511,511,1088,1204,1036,925,1137,927,849,820,1008,979,29962,29968,29964,29962,29983,29984,29984,29985,29985,29986,29986,29976,29974,29977,29976,29972,29964,6095]} 1. e4 c5 2. Nc3 d6 3. g3 Nc6 4. Bg2 g6 5. d3 Bg7 6. Be3 e5 7. Nh3 Nge7 8. O-O O-O 9. Qd2 Nd4 10. f4 Bg4 {B25: Closed Sicilian: 3 g3, lines without early Be3} (10... Bd7 11. Nd1 Qc8 12. Ndf2 Ndc6 13. c3 b5 14. fxe5 Nxe5 15. Bh6 N7c6 16. Bxg7 Kxg7 17. Nf4 Qd8 18. Rad1 {1-0 (33) Carlsen,M (2877)-Wojtaszek,R (2735) Tromsoe 2014}) 11. Kh1 Qd7 12. Ng1 Rae8 {Black is slightly better.} 13. Nd1 $146 ({Predecessor:} 13. Rf2 b5 14. Raf1 Be6 15. Nd1 exf4 16. Bxf4 d5 17. Bh6 dxe4 18. Bxg7 Kxg7 19. dxe4 {1-0 (63) Rustamov,A (2201)-Vakhidov,J (2392) Tashkent 2011}) 13... exf4 14. Bxf4 Ne6 15. Bh6 Bxh6 16. Qxh6 Bxd1 17. Raxd1 Qa4 18. Bh3 {Rxf7! is the strong threat.} Qxa2 ({But not} 18... Qxc2 $6 19. Rd2 $16) 19. Rf6 Qxb2 {[%mdl 64] Double Attack} 20. Rdf1 Nd4 {Hoping for ...Ndf5.} 21. Bd7 $132 {[%mdl 2048] White is not holding back} Rd8 22. Nh3 Ndf5 $1 {[%cal Rf5h6]} 23. R6xf5 $1 gxf5 (23... Qg7 $11 24. Qxg7+ Kxg7) 24. exf5 $16 {f6 would kill now.} f6 (24... Qh8 $16 {was worth a try.} 25. Qg5+ {[%mdl 64] Double Attack} Ng6 26. fxg6 hxg6) 25. Be6+ $18 Kh8 26. Nf4 {White wants to mate with Ng6+!} Rg8 27. Nh5 Qe5 28. Nxf6 {[%csl Gf6][%cal Rh6h7]} Rg7 {[#]} 29. Nh5 $1 {Threatens to win with f6!} Rf8 {[#]} 30. f6 $1 {[%csl Gf6,Gh5][%cal Rh6g7][%mdl 576] Pin} Rgf7 31. Bxf7 Rxf7 {[#]} 32. Qg7+ $1 Rxg7 33. fxg7+ Qxg7 34. Nxg7 Kxg7 {[%mdl 4096] Endgame KR-KN} 35. Ra1 Nc6 36. Kg2 a6 37. c3 Ne5 $2 (37... Kf6 {keeps fighting.} 38. Kf2 Kf5) 38. Rb1 b5 39. Ra1 Nxd3 $2 (39... Kf6 40. Rxa6 Ke6) 40. Rxa6 d5 41. Rd6 d4 42. cxd4 c4 {White must now prevent ...c3.} 43. Rc6 Nb4 44. Rc5 Nd3 45. Rc7+ Kf6 {If only Black now had time for ...Ke6....} 46. Kf3 Ke6 {intending ...Kd6.} 47. Ke3 Kd5 (47... h5 $142 48. Rh7 h4 49. Rxh4 b4 50. d5+ {[%mdl 64] Discovered Attack} Kd6 51. Rxc4 Ne5 52. Rxb4 Kc5) 48. Rxh7 b4 49. Rh5+ Kc6 50. Rh6+ Kb5 51. Rh8 b3 52. Rb8+ Ka4 53. Kd2 {White mates.} Ka3 54. Kc3 {[%cal Rb8a8]} Nb2 55. Ra8+ Na4+ 56. Kxc4 b2 57. Rb8 Ka2 58. d5 b1=Q 59. Rxb1 Kxb1 60. d6 Nb6+ 61. Kb5 {Accuracy: White = 75%, Black = 35%.} (61. Kc5 $142 Nd7+ 62. Kc6 Ne5+ 63. Kd5 Nd7 64. g4 Nf6+ 65. Ke6 Ne4 66. h4) 1-0

[Event "WYCC U14 Open 2019"]
[Site "Mumbai"]
[Date "2019.10.07"]
[Round "7.4"]
[White "Morgunov, Marc"]
[Black "Samant Aditya S"]
[Result "1-0"]
[WhiteElo "2280"]
[BlackElo "2334"]
[Annotator "ChessBase"]
[PlyCount "87"]
[EventDate "2019.10.02"]
[EventType "swiss"]
[EventCountry "IND"]
[SourceTitle "playchess.com"]
[Source "ChessBase"]
[SourceQuality "1"]
[TimeControl "40/5400+30:1800+30"]

1. e4 {[%emt 0:00:00]} c5 {[%emt 0:00:00]} 2. Nf3 {[%emt 0:00:00]} d6 {[%emt 0:00:00]} 3. Bb5+ {[%emt 0:00:00]} Nd7 {[%emt 0:00:00]} 4. O-O {[%emt 0:00:00]} a6 {[%emt 0:00:00]} 5. Bd3 {[%emt 0:00:55]} Ngf6 {[%emt 0:00:33]} 6. Re1 {[%emt 0:00:41]} b5 {[%emt 0:00:44]} 7. c3 {[%emt 0:00:37]} Bb7 {[%emt 0:00:23]} 8. Bc2 {[%emt 0:01:25]} Qc7 {[%emt 0:00:37]} 9. a4 {[%emt 0:14:36]} b4 {[%emt 0:00:59]} 10. d3 {[%emt 0:03:49]} a5 {[%emt 0:08:47]} 11. Nbd2 {[%emt 0:07:13]} g6 {[%emt 0:06:09]} 12. Bb3 {[%emt 0:06:25]} Bg7 {[%emt 0:21:07]} 13. d4 {[%emt 0:09:29]} e6 {[%emt 0:12:57]} 14. d5 {[%emt 0:18:37]} e5 {[%emt 0:00:44]} 15. Bc4 {[%emt 0:03:18]} O-O {[%emt 0:00:23]} 16. Bd3 {[%emt 0:01:20]} Nb6 {[%emt 0:08:47]} 17. c4 {[%emt 0:00:52]} Nc8 {[%emt 0:00:59]} 18. b3 {[%emt 0:02:21]} Ne7 {[%emt 0:00:27]} 19. Ra2 {[%emt 0:01:07]} h6 {[%emt 0:00:52]} 20. Nf1 {[%emt 0:01:50]} Bc8 {[%emt 0:05:13]} 21. h3 {[%emt 0:04:34]} Bd7 {[%emt 0:05:35]} 22. N3h2 {[%emt 0:03:15]} Rae8 {[%emt 0:04:37]} 23. Ng3 {[%emt 0:02:34]} Bc8 {[%emt 0:05:24]} 24. Bb1 {[%emt 0:01:47]} Kh8 {[%emt 0:08:35]} 25. h4 {[%emt 0:04:47]} h5 {[%emt 0:00:51]} 26. Bd3 {[%emt 0:00:33]} Ng4 {[%emt 0:01:05]} 27. Nxg4 {[%emt 0:00:53]} Bxg4 {[%emt 0:00:31]} 28. f3 {[%emt 0:03:19]} Bc8 {[%emt 0:01:05]} 29. f4 {[%emt 0:03:18]} Bg4 {[%emt 0:03:03]} 30. Be2 {[%emt 0:01:15]} Bxe2 {[%emt 0:03:08]} 31. Raxe2 {[%emt 0:00:13]} f5 {[%emt 0:01:13]} 32. exf5 {[%emt 0:00:40]} Nxf5 {[%emt 0:00:04]} 33. Nxf5 {[%emt 0:00:02]} Rxf5 {[%emt 0:00:08]} 34. fxe5 {[%emt 0:00:53]} Rfxe5 {[%emt 0:00:05]} 35. Bf4 {[%emt 0:01:26]} Rxe2 {[%emt 0:00:14]} 36. Rxe2 {[%emt 0:00:05]} Re7 {[%emt 0:01:52]} 37. Qe1 {[%emt 0:01:43]} Bd4+ {[%emt 0:00:37]} 38. Kh2 {[%emt 0:00:44]} Rxe2 {[%emt 0:00:31]} 39. Qxe2 {[%emt 0:00:05]} Qd8 {[%emt 0:00:22]} 40. g3 {[%emt 0:00:45]} Qd7 {[%emt 0:00:35]} 41. Qe6 {[%emt 0:31:09]} Qg7 {[%emt 0:05:15]} 42. Qxd6 {[%emt 0:00:00]} Qf7 {[%emt 0:05:17]} 43. Qd8+ {[%emt 0:00:00]} Kh7 {[%emt 0:00:06]} 44. Qc7 {[%emt 0:00:00]} 1-0

[Event "WYCC U14 Open 2019"]
[Site "Mumbai"]
[Date "2019.10.07"]
[Round "7.5"]
[White "Luczak, Filip"]
[Black "Chyzy, Jakub"]
[Result "1/2-1/2"]
[WhiteElo "2136"]
[BlackElo "2327"]
[Annotator "ChessBase"]
[PlyCount "91"]
[EventDate "2019.10.02"]
[EventType "swiss"]
[EventCountry "IND"]
[SourceTitle "playchess.com"]
[Source "ChessBase"]
[SourceQuality "1"]
[TimeControl "40/5400+30:1800+30"]

1. Nf3 {[%emt 0:00:00]} Nf6 {[%emt 0:00:00]} 2. g3 {[%emt 0:00:00]} d5 {[%emt 0:00:00]} 3. Bg2 {[%emt 0:00:10]} Bf5 {[%emt 0:00:00]} 4. O-O {[%emt 0:00:11]} e6 {[%emt 0:00:00]} 5. d3 {[%emt 0:00:04]} Be7 {[%emt 0:00:11]} 6. Nbd2 {[%emt 0:00:24]} O-O {[%emt 0:00:13]} 7. Qe1 {[%emt 0:03:14]} h6 {[%emt 0:00:10]} 8. e4 {[%emt 0:01:14]} Bh7 {[%emt 0:00:06]} 9. Qe2 {[%emt 0:00:16]} c5 {[%emt 0:00:07]} 10. Ne5 {[%emt 0:05:49]} Qc7 {[%emt 0:00:16]} 11. Ng4 {[%emt 0:03:06]} Nxg4 {[%emt 0:14:04]} 12. Qxg4 dxe4 {[%emt 0:00:32]} 13. dxe4 {[%emt 0:01:25]} Nc6 {[%emt 0:00:26]} 14. c3 {[%emt 0:25:01]} Ne5 {[%emt 0:07:28]} 15. Qe2 {[%emt 0:00:27]} c4 {[%emt 0:02:37]} 16. Nf3 {[%emt 0:09:15]} Nd3 {[%emt 0:12:14]} 17. Nd4 {[%emt 0:03:39]} e5 {[%emt 0:05:25]} 18. Nf5 {[%emt 0:03:15]} Bxf5 {[%emt 0:05:16]} 19. exf5 {[%emt 0:00:45]} Rad8 {[%emt 0:00:08]} 20. Be3 {[%emt 0:03:42]} Rd7 {[%emt 0:09:48]} 21. Qg4 {[%emt 0:05:31]} Kh8 {[%emt 0:15:05]} 22. f6 {[%emt 0:05:29]} Bxf6 {[%emt 0:00:03]} 23. Bxa7 {[%emt 0:03:27]} g6 {[%emt 0:05:29]} 24. Bb6 {[%emt 0:02:59]} Qc8 {[%emt 0:03:13]} 25. Bh3 {[%emt 0:03:59]} Qc6 {[%emt 0:01:53]} 26. Qxd7 {[%emt 0:03:09]} Qxb6 {[%emt 0:00:02]} 27. Bg2 {[%emt 0:03:50]} Qxb2 {[%emt 0:01:00]} 28. Qxb7 {[%emt 0:00:17]} Qxc3 {[%emt 0:00:08]} 29. a4 {[%emt 0:00:32]} Nxf2 {[%emt 0:10:15]} 30. Rac1 {[%emt 0:07:51]} Qd2 {[%emt 0:01:20]} 31. Rxc4 {[%emt 0:02:21]} Bg5 {[%emt 0:07:19]} 32. Qb4 {[%emt 0:01:28]} Qxb4 {[%emt 0:00:38]} 33. Rxb4 {[%emt 0:00:04]} Nd3 {[%emt 0:00:09]} 34. Re4 {[%emt 0:01:07]} f5 {[%emt 0:00:46]} 35. Re2 {[%emt 0:01:23]} Rc8 {[%emt 0:00:34]} 36. Bb7 {[%emt 0:01:20]} Rc5 {[%emt 0:00:27]} 37. h4 {[%emt 0:00:59]} Nc1 {[%emt 0:00:35]} 38. Ree1 {[%emt 0:00:32]} Bd2 {[%emt 0:00:19]} 39. Rd1 {[%emt 0:00:04]} Be3+ {[%emt 0:00:30]} 40. Kh1 {[%emt 0:00:13]} Ne2 {[%emt 0:00:33]} 41. Rf3 {[%emt 0:16:22]} f4 {[%emt 0:10:17]} 42. Re1 {[%emt 0:01:33]} Nd4 {[%emt 0:03:15]} 43. Rfxe3 {[%emt 0:01:32]} fxe3 {[%emt 0:01:10]} 44. Rxe3 {[%emt 0:00:10]} Rc1+ {[%emt 0:12:44]} 45. Kg2 {[%emt 0:02:12]} Ra1 {[%emt 0:00:11]} 46. Rxe5 {[%emt 0:05:01]} 1/2-1/2

[Event "WYCC U14 Open 2019"]
[Site "Mumbai"]
[Date "2019.10.07"]
[Round "7.6"]
[White "Vo, Pham Thien Phuc"]
[Black "Pranav Vijay"]
[Result "1-0"]
[WhiteElo "1807"]
[BlackElo "2265"]
[Annotator "ChessBase"]
[PlyCount "123"]
[EventDate "2019.10.02"]
[EventType "swiss"]
[EventCountry "IND"]
[SourceTitle "playchess.com"]
[Source "ChessBase"]
[SourceQuality "1"]
[TimeControl "40/5400+30:1800+30"]

1. d4 {[%emt 0:00:00]} Nf6 {[%emt 0:00:00]} 2. c4 {[%emt 0:00:00]} e6 {[%emt 0:00:00]} 3. g3 {[%emt 0:00:00]} Bb4+ {[%emt 0:01:34]} 4. Bd2 {[%emt 0:00:00]} a5 {[%emt 0:01:12]} 5. Bg2 {[%emt 0:00:06]} O-O {[%emt 0:00:41]} 6. Nf3 {[%emt 0:00:13]} d6 {[%emt 0:00:56]} 7. O-O {[%emt 0:01:01]} Bxd2 {[%emt 0:00:15]} 8. Qxd2 {[%emt 0:01:53]} Nbd7 {[%emt 0:01:29]} 9. Nc3 {[%emt 0:00:24]} Re8 {[%emt 0:01:27]} 10. e4 {[%emt 0:09:28]} e5 {[%emt 0:01:01]} 11. d5 {[%emt 0:00:31]} Nc5 {[%emt 0:01:25]} 12. Ne1 {[%emt 0:00:50]} c6 {[%emt 0:08:54]} 13. Nd3 {[%emt 0:08:19]} Nxd3 {[%emt 0:00:31]} 14. Qxd3 {[%emt 0:00:04]} cxd5 {[%emt 0:00:09]} 15. Nxd5 {[%emt 0:01:31]} Nxd5 {[%emt 0:00:08]} 16. cxd5 {[%emt 0:05:21]} Bd7 {[%emt 0:04:17]} 17. Rfc1 {[%emt 0:01:51]} b5 {[%emt 0:02:56]} 18. Rc2 {[%emt 0:05:00]} Qb6 {[%emt 0:17:08]} 19. Rac1 {[%emt 0:01:10]} Ra7 {[%emt 0:00:10]} 20. Qe3 {[%emt 0:03:37]} Qb8 {[%emt 0:01:54]} 21. h4 {[%emt 0:02:07]} h6 {[%emt 0:00:43]} 22. Kh2 {[%emt 0:00:12]} Rb7 {[%emt 0:03:08]} 23. Bh3 {[%emt 0:09:02]} Qd8 {[%emt 0:03:07]} 24. Bxd7 {[%emt 0:01:54]} Qxd7 {[%emt 0:00:09]} 25. Rc6 {[%emt 0:06:59]} Rd8 {[%emt 0:00:39]} 26. Qf3 {[%emt 0:01:00]} Qe7 {[%emt 0:01:32]} 27. Kg2 {[%emt 0:00:41]} g6 {[%emt 0:02:48]} 28. Qg4 {[%emt 0:02:31]} Kg7 {[%emt 0:01:38]} 29. h5 {[%emt 0:01:37]} a4 30. Rh1 {[%emt 0:05:18]} Qf6 {[%emt 0:05:34]} 31. Rhc1 {[%emt 0:03:07]} Qe7 {[%emt 0:00:37]} 32. R1c3 {[%emt 0:01:43]} b4 {[%emt 0:03:29]} 33. R3c4 {[%emt 0:00:21]} Rf8 {[%emt 0:03:05]} 34. Ra6 {[%emt 0:02:28]} a3 {[%emt 0:01:02]} 35. bxa3 {[%emt 0:03:22]} bxa3 {[%emt 0:00:52]} 36. Rxa3 {[%emt 0:00:25]} Rb2 {[%emt 0:01:16]} 37. Rac3 {[%emt 0:11:55]} Rb7 {[%emt 0:05:15]} 38. a4 {[%emt 0:00:42]} Ra8 {[%emt 0:01:34]} 39. Ra3 {[%emt 0:04:16]} Rba7 {[%emt 0:01:45]} 40. hxg6 {[%emt 0:01:17]} fxg6 {[%emt 0:00:13]} 41. Rc8 {[%emt 0:35:49]} h5 {[%emt 0:32:19]} 42. Qh3 {[%emt 0:00:01]} Rxc8 {[%emt 0:03:58]} 43. Qxc8 {[%emt 0:00:02]} Rc7 {[%emt 0:00:12]} 44. Qa6 Ra7 {[%emt 0:00:00]} 45. Qb6 {[%emt 0:00:00]} Rb7 {[%emt 0:00:00]} 46. Qe3 {[%emt 0:00:00]} Ra7 {[%emt 0:00:00]} 47. a5 {[%emt 0:00:00]} Ra6 {[%emt 0:00:00]} 48. Qc3 {[%emt 0:00:00]} Qa7 {[%emt 0:00:00]} 49. Qc8 {[%emt 0:00:00]} Rxa5 {[%emt 0:00:00]} 50. Rxa5 {[%emt 0:00:00]} Qxa5 {[%emt 0:00:00]} 51. Qd7+ {[%emt 0:00:00]} Kh6 {[%emt 0:00:00]} 52. Qxd6 {[%emt 0:00:00]} Qc3 {[%emt 0:00:00]} 53. Qf8+ {[%emt 0:00:00]} Kh7 {[%emt 0:00:00]} 54. d6 {[%emt 0:00:00]} Qd4 {[%emt 0:00:00]} 55. Qf7+ {[%emt 0:00:00]} Kh8 {[%emt 0:00:00]} 56. Qd5 {[%emt 0:00:00]} Qb6 {[%emt 0:00:00]} 57. d7 {[%emt 0:00:00]} Qd8 {[%emt 0:00:00]} 58. Qf7 {[%emt 0:00:00]} h4 {[%emt 0:00:00]} 59. Qe8+ {[%emt 0:00:00]} Kh7 {[%emt 0:00:00]} 60. Qxd8 {[%emt 0:00:00]} Kg7 {[%emt 0:00:00]} 61. Qe7+ {[%emt 0:00:00]} Kg8 {[%emt 0:00:00]} 62. d8=Q# {[%emt 0:00:00]} 1-0

[Event "WYCC U14 Open 2019"]
[Site "Mumbai"]
[Date "2019.10.07"]
[Round "7.7"]
[White "Madaminov, Mukhiddin"]
[Black "Murzin, Volodar"]
[Result "1/2-1/2"]
[WhiteElo "2045"]
[BlackElo "2433"]
[Annotator "TA"]
[PlyCount "73"]
[EventDate "2019.10.02"]
[EventType "swiss"]
[EventCountry "IND"]
[SourceTitle "playchess.com"]
[Source "ChessBase"]
[SourceQuality "1"]

{[%evp 13,73,4,39,19,33,20,31,20,21,28,60,47,78,68,60,66,83,85,106,89,91,65,97,41,34,22,14,-18,51,25,27,18,18,20,32,34,37,13,12,0,0,0,0,0,0,0,29,17,14,20,18,13,44,25,32,33,58,29,50,0,47,8]} 1. e4 g6 2. d4 Bg7 3. Nc3 d6 4. f4 Nf6 5. Bd3 O-O 6. Nf3 Na6 7. e5 dxe5 8. dxe5 {B09: Pirc Defence: Austrian Attack} Nd5 (8... Nh5 9. Be3 Nb4 10. Qe2 Nxd3+ 11. cxd3 f6 12. O-O-O fxe5 13. fxe5 Nf4 14. Bxf4 Rxf4 15. Kb1 c6 {0-1 (26) Mamedov,R (2660)-Mamedyarov,S (2763) Moscow 2010}) 9. Nxd5 Qxd5 10. Qe2 Be6 11. Be4 Qa5+ 12. c3 Rad8 $146 ({Predecessor:} 12... Qa4 13. Bxb7 Nc5 14. Bxa8 Rxa8 15. O-O Bc4 {0-1 (47) Glek,I (2413)-Zvjaginsev,V (2643) Moscow 2017}) 13. Be3 Bd5 14. Bc2 ({But not} 14. Bxa7 Bxe4 15. Qxe4 b6 $15) 14... c5 15. O-O b5 16. Nd2 c4 17. Bd4 Nb8 18. a3 (18. a4 $16) 18... Nc6 $14 19. Bc5 Qc7 {[%cal Rc6e5]} 20. Qe3 Rd7 (20... Rc8 $11) 21. Ne4 (21. a4 $5 {[%cal Ra4b5]} Rb8 22. axb5 Rxb5 23. Ba3 $14) 21... Rc8 22. Rad1 Rdd8 23. Nf2 Be6 24. Rxd8+ Rxd8 25. Rd1 Rc8 26. Ne4 Bf5 27. Rd5 Be6 28. Rd2 Bf5 29. Rd5 Qb7 30. Qf3 Rd8 31. Rxd8+ Nxd8 32. Be3 Qc7 33. g4 Bc8 34. Nc5 Bf8 35. Bd4 Nc6 36. Be3 Nd8 $1 37. Qd1 {Accuracy: White = 59%, Black = 42%.} 1/2-1/2